000 01685cas a2200457 4500
001 11160404
003 OSt
005 20150616110042.0
007 t|
008 751212d19612002inuqr p 0 a0eng
010 _a 67117468
022 0 _a0544-0653
_21
035 _a(OCoLC)ocm01895444
037 _bManaging Editor, Council on Christian Unity, P.O. Box 1986, Indianapolis, IN 46206
040 _aDLC
_cMBTI
_dNSDP
_dDLC
_dNSDP
_dOCoLC
_dAIP
_dOCoLC
_dNST
_dMH
_dOCoLC
_dEbpS
_dOCoLC
_dMH
_dOCoLC
042 _ansdp
_apcc
050 0 0 _aBX1
_b.M5
082 4 _a262/.001
210 0 _aMid-stream
_b(Indianapolis)
222 0 _aMid-stream
_b(Indianapolis)
245 0 0 _aMid-stream.
260 _a[Indianapolis,
_bCouncil on Christian Unity]
300 _a41 v.
_c23 cm.
310 _aQuarterly,
_bSept. 1963-<Oct. 1975>
321 _aIrregular,
_b1961-June 1963
362 0 _av. 1- 41; Nov. 1961-Oct. 2002.
500 _a"An ecumenical journal."
590 _aSERBIB/SERLOC merged record
650 0 _aChristian union
_vPeriodicals.
710 2 _aCouncil on Christian Unity (U.S.)
770 1 _aConsultation on Church Union.
_tOfficial record, plenary meeting of the Consultation on Church Union
_x0272-8958
_w(OCoLC)4743181
780 1 6 _aConsultation on Church Union.
_tDigest of the proceedings of the meeting of the Consultation on Church Union
_x0589-4867
_w(OCoLC)1680989
_gApr. 1975-
906 _a7
_bcbc
_cserials
_d3
_encip
_f19
_gn-oclcserc
936 _aJan. 1977 (surrogate)
942 _2lcc
_cPER
999 _c44733
_d44733